000
00284 a2200085 4500
999
_c
215798
_d
215798
020
_a
99912-929-0-X
100
_a
Kidd, Puseletso Elizabeth
245
_a
Chasing the Mirage:women and the administration of justice
260
_b
Botswana : Woen and Law in Southern Africa Research Trust
_c
1999